000 00267nam a2200097Ia 4500
082 _aJ 629.228 MART
245 0 _aThe world's fastest cars
100 _a MARTIN, Michael Mankato, Minn., 2006
_963876
942 _cBK
008 210817s9999 xx 000 0 und d
999 _c202902
_d202901